000 00532nam a22002177a 4500
003 UA-OsUOA
001 49875
007 ta
008 20071012b un ||||| |||| 00| 0 ukr d
090 _a929
_bП81
942 _cBK
040 _aUA-OsUOA
_brus
_cUA-OsUOA
_dUA-OsUOA
245 _aПрометей
300 _a352 с.
955 _a3
041 _arus
080 _a929
260 _aМ.
_bМолодая гвардия
_c1988
650 7 _a9 Географія. Біографії. Історія
_2UDC
999 _c335957
_d335957